Tilastot visalle Hindulaiset maat

Klikkaa tästä pelataksesi tätä visaa!

Yleistilastot

  • Tätä visaa on pelattu 215 kertaa
  • Keskiarvotulos 7 / 12

Vastaustilastot

%MaanosaValtio% Oikein
79,8AasiaIntia
100%
81,3AasiaNepal
90%
23,8AasiaBhutan
78%
12,6AasiaSri Lanka
71%
27,9OseaniaFidži
51%
24,9AmerikkaSuriname
42%
24,9AmerikkaGuyana
40%
50,6AfrikkaMauritius
39%
18,2AmerikkaTrinidad ja Tobago
37%
15,1AasiaQatar
35%
12,0AasiaKuwait
34%
12,5AasiaYhdistyneet
arabiemiirikunnat
33%

Tulosjakauma

Persentiili vastausten määrän mukaan

Jokaisen tuloksen saaneiden osuus

Tuloshistoriasi

Et ole pelannut tätä visaa